| 000 | 00405nam a22001337a 4500 | ||
|---|---|---|---|
| 005 | 20251128140540.0 | ||
| 008 | 251128b |||||||| |||| 00| 0 eng d | ||
| 050 |
_aTA648 _b.S24 |
||
| 100 | _aSalvadori, Mario | ||
| 245 |
_aStatics and Strength of Structures _cMario Salvadori |
||
| 260 |
_aEnglewood Cliffs, New Jersey _bPrentice-Hall, Inc., _c1971 |
||
| 300 |
_axi. 323p. _bill. _c23.5cm |
||
| 942 |
_2lcc _cBK _n0 |
||
| 999 |
_c8411 _d8411 |
||